| 000 | 00557nam a2200205Ia 4500 | ||
|---|---|---|---|
| 003 | GCL | ||
| 008 | 140319s9999 xx 000 0 eng d | ||
| 040 |
_aGCL / _cGCL |
||
| 082 | 0 | 4 |
_a398.09 _bK W |
| 100 | 1 | _aKIKUE, YAMAKAWA | |
| 245 | 1 | 0 |
_aWOMEN OF THE MITO DOMAIN : RECOLLECTION OF SAMURA : FAMILY LIFE / _cKIKUE, YAMAKAWA |
| 700 | 1 | _aNAKAI, KATE W. | |
| 260 |
_a[S.N] : _bUNIVERSITY OF TOKYO PRESS ، _c1992 |
||
| 300 | _a196 P | ||
| 650 | 0 | 4 | _aJAPAN - FAMILY |
| 650 | 0 | 4 | _aJAPAN |
| 650 | 0 | 4 | _aWOMEN |
| 650 | 0 | 4 | _aSAMURAI, JAPAN |
| 942 |
_2ddc _cBK |
||
| 999 |
_c20584 _d20584 |
||